000 00611nam a2200241Ia 4500
005 20260306150816.0
008 008 260114s9999 xx 000 0 eng d
020 _a9780871690388
037 _aEbook
040 _aCRL
040 _beng
040 _cCRL
041 _2eng
041 _aeng
084 _qCRL
245 0 _aCensus of the Exact Sciences in Sanskrit (Series A, Vol. 1 and 2)
260 _bThe American Philosophical Society Press
260 _c1970
650 _aPhysics
856 _uhttps://www.degruyter.com/isbn/9780871690388
942 _cEBOOK
999 _c1699810
_d1699810